00828nam a2200181 a 450000100100000000500170001000800410002702000150006804000250008324501590010826000440026730000200031170000380033171000440036995201050041395201110051899900170062900004397320201002045056.0140512s1987 br ac 000 0 spa d a845054923X aDO-SdBNPbspacBNPHU00aDiego Rivera y su México a través del ojo de la cámara :bCentro de Arte Reina Sofía, 18 febrero-4 junio 1987 /ceditado por Cynthia Jo Fogliatti. aMadrid :bMinisterio de Cultura,c1987. a16 p. ;c28 cm.12aFogliatti, Cynthia Joeed.9719232 aMinisterio de Cultura (España)969408 001050718MOaGRbGRcCTd2014-05-12iLF1l0o p43973-10r2020-06-25w2020-06-25y1ZNo se presta 001050718MOaGRbGRcCTd2014-05-12iLF1l0o p43973-20r2020-06-25te. 2w2020-06-25y1ZNo se presta c43462d43462